00521nam a2200133 a 4500008004100000050001100041100002100052245008700073260000900160350000900169995007800178999001700256952011400273120416s9999 ||||||||||||||||| || u aTHESIS aMbambara, Nelson13aAn investigation of the factors that affect demand for PEP Store products in Kitwe a2002 a0.00 D0.00FCBU-MAIN LIBRARY (Kitwe)H1I0.00UAVAILABLEZUniversity Collection c48244d48244 00102lcc4070a001b001cUniversity Collectiond2022-11-30l0oTHESISp9017936r2022-11-30w2022-11-30y002